| 000 | 00888pam a2200289 a 4500 | ||
|---|---|---|---|
| 001 | 4787437 | ||
| 003 | OSt | ||
| 005 | 20140310182648.0 | ||
| 008 | 871019s1988 nju 000 0 eng | ||
| 010 | _a 87029192 | ||
| 020 | _a9710844903 | ||
| 020 | _a9710844903 | ||
| 040 |
_aDLC _cDLC _dDLC |
||
| 050 | 0 | 0 |
_aPN 6081 _b.V36 1988 |
| 082 | 0 | 0 |
_aM 082 _b.Ek2 14988 |
| 100 | 1 | _aVan Ekeren, Glenn. | |
| 245 | 1 | 4 |
_aThe speaker's sourcebook : _bquotes, stories, and anecdotes for every occasion / _cEkeren, Glenn Van |
| 260 |
_aEnglewood Cliffs, N.J. : _bPrentice Hall, _cc1988. |
||
| 300 |
_axii, 393 p. ; _c25 cm. |
||
| 521 | _acollege students | ||
| 526 | _c1210L to 1700L | ||
| 541 | _j1 | ||
| 562 | _efor circulation. 1 copy available in the collection | ||
| 650 | 0 | _aQuotations, English. | |
| 906 |
_a7 _bcbc _corignew _d1 _eocip _f19 _gy-gencatlg |
||
| 942 |
_2lcc _cBK _kM |
||
| 999 |
_c15078 _d15078 |
||